Effectif FC Barcelone saison 2025/2026 - Statistiques

Statistiques générales
  • Ce quiz a été pris 630 fois
  • Le résultat moyen est 20 sur 24
Statistiques - réponses
Hint Réponse % Correct
AD Lamine Yamal
97%
MC Pedri
97%
DD Jules Koundé
96%
Coach Hansi Flick
94%
BU Robert Lewandowski
93%
G Marc-André Ter Stegen
92%
AG Raphinha
92%
BU Ferran Torres
90%
MC Gavi
90%
DC Ronald Araujo
90%
MC Frenkie de Jong
89%
DC Pau Cubarsi
89%
DG Alejandro Balde
88%
G Joan Garcia
87%
DC Eric Garcia
86%
MOC Fermin Lopez
85%
AG Marcus Rashford
84%
MOC Dani Olmo
83%
DG Gerard Martin
78%
MDC Marc Casado
74%
DC Andreas Christensen
70%
MDC Marc Bernal
68%
G Wojciech Szczesny
64%
AD Roony Bardghji
50%
Aucun quiz correspondant
Distribution des résultats
% des personnes avec chaque résultat
Percentile par nombre de réponses
Votre historique - résultats
Vous n’avez pas pris ce quiz